00691 2200265 4500001002100000005001500021035002000036007000300056008004100059040001700100100002300117245004700140250001200187300005300199020001800252041000800270082001000278084001600288090002100304260003800325600001500363850001000378990001600388990002100404INLIS00000000000292120260530061712 a0010-1020000022ta260530 0  aSBPUPADbind0 aAndi Moppi Sammeng1 aCakrawala Pariwisata /cAndi Moppi Sammeng a.-Cet.1 a364 hlm. :bilus. ;c23 cmeBibliografi, hlm 365 a979-666-605-7 aind a910.4 a910.4 AND c a910.4 AND c 25-5 a--Jakarta :bBalai Pustaka,c2001 4aPariwisata aPUPAD a2834/H/2007 a2835/H/KAPD/2007